| 000 | 01845nam a22004097a 4500 | ||
|---|---|---|---|
| 001 | 16175747 | ||
| 003 | OSt | ||
| 005 | 20210426083219.0 | ||
| 008 | 100407s2010 nyuabf b 001 0 eng | ||
| 010 | _a 2010012127 | ||
| 020 | _a9780670022168 | ||
| 020 | _a0670022160 | ||
| 035 | _a(OCoLC)ocn555645059 | ||
| 040 |
_aDLC _cDLC _dYDX _dBTCTA _dYDXCP _dUPZ _dJST _dABG _dMOF _dCDX _dIXA _dVP@ _dDLC _beng |
||
| 041 | _aeng | ||
| 050 | 0 | 0 |
_aQA99 _b.S45 2010 |
| 080 |
_a32 _bS-44 |
||
| 082 | 0 | 0 |
_a510 _222 |
| 100 | 1 | _aSeife, Charles. | |
| 245 | 1 | 0 |
_aProofiness : _bthe dark arts of mathematical deception / _c/ by: Viking |
| 260 |
_aNew York _bViking _cc2010. |
||
| 300 |
_a295 p., [8] p. of plates _bill., maps _c22 cm. |
||
| 365 | _b25.95 usd | ||
| 504 | _aIncludes bibliographical references (p. [273]-286) and index. | ||
| 505 | 0 | _aProofiness -- Phony facts, phony figures -- Rorschach's demon -- Risky business -- Poll cats -- Electile dysfunction -- An unfair vote -- Alternate realities -- Propaganda by the numbers -- Appendix A. Statistical error -- Appendix B. Electronic voting -- Appendix C. The prosecutor's fallacy. | |
| 520 | _aThe bestselling author of "Zero" shows how mathematical misinformation pervades-- and shapes-- our daily lives | ||
| 650 | 0 |
_aMathematics _vMiscellanea. |
|
| 650 | 0 |
_aPolitics _9443 |
|
| 650 | 0 | _aPseudoscience. | |
| 653 | _aპოლიტიკა | ||
| 856 | 4 | 2 |
_3Publisher description _uhttp://www.loc.gov/catdir/enhancements/fy1107/2010012127-d.html |
| 856 | 4 | 2 |
_3Contributor biographical information _uhttp://www.loc.gov/catdir/enhancements/fy1107/2010012127-b.html |
| 856 | 4 | 1 |
_3Sample text _uhttp://www.loc.gov/catdir/enhancements/fy1204/2010012127-s.html |
| 906 |
_a7 _bcbc _corignew _d1 _eecip _f20 _gy-gencatlg |
||
| 942 |
_2udc _cBK |
||
| 999 |
_c1339 _d1339 |
||